1609 1058 1512 1100 1539 1117 1309 1882 1470 1088 1645 1953 1624 1370 1530 1223 1867 1343 1206 1483 1697 1137 1738 1944 1627 1315 1983 1588 1826 1437 1672 1495 1942 1918 1281 1892 1002 1986 1048 1947 1962 1947 1529 1551 1493 1710 1648 1703 1043 1736 1021 1304 1657 1764 1218 1381 1973 1123 1863 1855 1662 1521 1770 1899 1845 1138 1262 1891 1732 1625 1364 1128 1333 1837 1927 1552 1256 1897 1296 1840 1429 1007 1421 1611 1551 1101 1240 1252 1482 1770 1781 1997 1393 1062 1689 1830 1881 1810 1735 BCNSPRNW ULIB Ver.6.0+V

เปลี่ยนเป็นภาษาไทย

Change to English
 แสดงรายละเอียดบรรณานุกรม
  กลับหน้าหลัก

Brief Record : Get Marc (ISO 2709) : E-mail record : QR code < ปิดหน้าต่าง
LEADER : 00000nam 2200000uu 4500
001    13399112370
003     ULIB
008    110627s2551||||th 000 0 tha d
020    9789740693352
090    นว.^bพ681ซ 2551
100 0  พินกี้ พราว
245 00 ซ่อนรักไว้เพื่อ...นายเพื่อนสินท/^cพินกี้ พราว
250    พิมพ์ครั้งที่ 1
260    กรุงเทพฯ :^bพิมพ์ใจ,^c2551
300    300 หน้า
710 1  พิมพ์ใจ
945    ^p196^l0^i023611
995    ทศพร
999 ^a ใช้งานได้ทุกระบบ
รายการนี้ยังไม่มีแท็ก
คุณยังไม่ได้ล็อกอิน คุณสามารถมีกิจกรรมร่วมกับเว็บไซต์ได้ แต่ต้องล็อกอินก่อน ::
  ล็อกอิน

รายการสื่อสารสนเทศ

ลำดับที่ ประเภท เลขเรียก/บาร์โค้ด สถานที่ สถานะ
- ไม่พบข้อมูล -

BibComment


ยังไม่เคยถูกคอมเมนท์

คอมเมนท์ทรัพยากรรายการนี้
  คอมเมนท์: ซ่อนรักไว้เพื่อนา..


 Copyright 2026. Bcnsprnw @Library